Movies Quiz

Random Movies or Actress Quiz

Whose Movie Debut? Quiz Stats

 Plays Quiz not verified by Sporcle

Score 0/25 Timer 04:00
0 Plays Today
% Correct
Mark Hamill
93.8%
Julie Andrews
93.8%
Lupita Nyong'o
91.6%
Jamie Lee Curtis
91.5%
Alan Rickman
90.2%
Paul Hogan
89.1%
Cameron Diaz
88.6%
Orson Welles
88.5%
Natalie Portman
86.4%
John Belushi
85.8%
Sean Astin
85.4%
Barbra Streisand
83.3%
Eddie Murphy
82.5%
% Correct
Johnny Depp
80.9%
Jason Statham
80.1%
Anna Paquin
76.3%
Jessica Lange
73.3%
Tatum O'Neal
70.8%
Edward Norton
70.5%
Eva Marie Saint
64.6%
Frances McDormand
61.1%
Marlee Matlin
59.5%
Glenn Close
53%
Warren Beatty
52.5%
Denzel Washington
51.8%

You're not logged in!

Compare scores with friends on all Sporcle quizzes.
OR
Log In

Show Comments

Extras

Top Quizzes Today


Score Distribution

Your Account Isn't Verified!

In order to create a playlist on Sporcle, you need to verify the email address you used during registration. Go to your Sporcle Settings to finish the process.

Report this User

Report this user for behavior that violates our Community Guidelines.

Details: